Catálogo

Desarrollo ético de los profesionales de la contaduría y la administración / (Registro nro. 32401)

Detalles MARC
000 -LEADER
fixed length control field 01010cam a2200289 i 4500
001 - CONTROL NUMBER
control field 32401
003 - CONTROL NUMBER IDENTIFIER
control field Mx-PuUPA
005 - DATE AND TIME OF LATEST TRANSACTION
control field 20260317185048.0
008 - FIXED-LENGTH DATA ELEMENTS--GENERAL INFORMATION
fixed length control field 140415s2016 mx gr 000 0 spa d
020 ## - INTERNATIONAL STANDARD BOOK NUMBER
International Standard Book Number 9786078463640
040 ## - CATALOGING SOURCE
Original cataloging agency Mx-PuUPA
Language of cataloging spa
Transcribing agency Mx-PuUPA
Modifying agency Mx-PuUPA
Description conventions rda
041 0# - LANGUAGE CODE
Language code of text/sound track or separate title spa
100 1# - MAIN ENTRY--PERSONAL NAME
Personal name Zamorano García, Enrique,
9 (RLIN) 9595
Relator term autor
245 10 - TITLE STATEMENT
Title Desarrollo ético de los profesionales de la contaduría y la administración /
Statement of responsibility, etc. Enrique Zamorano García
250 ## - EDITION STATEMENT
Edition statement 1a. edición /
Remainder of edition statement diciembre
264 #1 - PRODUCTION, PUBLICATION, DISTRIBUTION, MANUFACTURE, AND COPYRIGHT NOTICE
Place of production, publication, distribution, manufacture Ciudad de México :
Name of producer, publisher, distributor, manufacturer Instituto Mexicano de Contadores Públicos,
Date of production, publication, distribution, manufacture, or copyright notice ©2016
300 ## - PHYSICAL DESCRIPTION
Extent 142 páginas ;
Dimensions 22 cm
336 ## - CONTENT TYPE
Fuente rdacontent
Content type term texto
Content type code txt
337 ## - MEDIA TYPE
Source rdamedia
Media type term sin medio
Media type code n
338 ## - CARRIER TYPE
Source rdacarrier
Carrier type term volumen
Carrier type code nc
490 0# - SERIES STATEMENT
Series statement Diversos
650 #7 - SUBJECT ADDED ENTRY--TOPICAL TERM
Source of heading or term armarc
Topical term or geographic name entry element Contabilidad
General subdivision Aspectos morales y éticos
650 #7 - SUBJECT ADDED ENTRY--TOPICAL TERM
Source of heading or term armarc
Topical term or geographic name entry element Contadores
General subdivision Ética profesional
942 ## - ADDED ENTRY ELEMENTS (KOHA)
Source of classification or shelving scheme Dewey Decimal Classification
Koha item type Libro
Classification part 174.9657
Item part Z23
Existencias
Withdrawn status Lost status Source of classification or shelving scheme Damaged status Not for loan Collection code Home library Current library Shelving location Date acquired Total Checkouts Full call number Barcode Date last seen Price effective from Koha item type Copy number
    Dewey Decimal Classification     General Tehuacán Tehuacán Sala general 17/03/2026   174.9657 Z23 2016 968000003147 17/03/2026 17/03/2026 Libro  
    Dewey Decimal Classification     General Tehuacán Tehuacán Sala general 20/03/2026   174.9657 Z23 2016 968000003146 20/03/2026 20/03/2026 Libro Ej.2